Multiplication Facts Quiz Stats

Quiz not verified by Sporcle

Challenge
Share
Tweet
Embed
Score 0/25 Timer 01:00
0 Plays Today
% Correct
25
95.8%
66
85.5%
50
84.7%
100
78.8%
18
73%
54
71.3%
88
68.2%
80
67.8%
90
67.4%
21
67.2%
12
61.6%
32
57.2%
63
56.5%
% Correct
28
55.5%
144
53.7%
36
49.4%
26
48.2%
81
48.1%
20
47.9%
64
47%
75
40.1%
30
38%
45
34.1%
99
27.2%
56
23%

You're not logged in!

Compare scores with friends on all Sporcle quizzes.
Sign Up with Email
OR
Log In

You Might Also Like...

Show Comments

Extras

Top Quizzes Today


Score Distribution

Your Account Isn't Verified!

In order to create a playlist on Sporcle, you need to verify the email address you used during registration. Go to your Sporcle Settings to finish the process.